La muela de Keiko /

Guardado en:
Detalles Bibliográficos
Autor principal: Goldman, Judith (autor)
Formato: Libro
Idioma:Español
Publicado: México : Trillas, 1987, c1987
Temas:
Etiquetas: Agrega una etiqueta
Sin etiquetas, Sé el primero en etiquetar este registro!

MARC

LEADER 00000nam^a2200000^a^4500
001 000021881
005 20250521000000.0
009 20260310084433.96
020 |a 968-24-2078-4 
037 |a Acervo ITESO - Biblioteca 
041 |a ESP 
082 |a 808. 899282  |b GOL 
100 |a Goldman, Judith  |e (autor) 
245 1 3 |a La muela de Keiko /  |c J. Goldman ; il. de K/Diseño. 
264 4 |a México :  |b Trillas,  |c 1987, c1987 
300 |a 32 p. 
336 |a texto  |b txt  |2 rdacontenido 
337 |a sin mediación  |b n  |2 rdamedio 
338 |a volumen  |b nc  |2 rdasoporte 
649 |a XX 
650 |a Cuentos Mexicanos 
650 |a Literatura Mexicana -  |y Siglo XX 
650 |a Cuentos Infantiles -  |z México 
650 |a Literatura Infantil -  |z México 
650 |a Literatura de Mujeres -  |z México 
910 |a Fondo General 
920 |a Impresos - Libros 
930 |a Colección General 
940 |a Literatura 
905 |a 101 
901 |a 0218810100  |b IT1  |c LIT  |i 021881  |u 20250521 
902 |a https://opac.biblio.iteso.mx/vufind/Record/000021881